书目信息 |
| 题名: |
塑料回收高效利用新技术
|
|
| 作者: | 孟继宗 编著 | |
| 分册: | ||
| 出版信息: | 北京 机械工业出版社 2013.04 |
|
| 页数: | 756页 | |
| 开本: | 25cm | |
| 丛书名: | 节能减排技术丛书 | |
| 单 册: | ||
| 中图分类: | X783.205 | |
| 科图分类: | ||
| 主题词: | 塑料--废品回收 , 塑料--废物综合利用 , 塑料 , 废品回收 , 废物综合利用 | |
| 电子资源: | ||
| ISBN: | 978-7-111-41441-4 | |
| 000 | 01234oam2 2200313 450 | |
| 001 | 006030724 | |
| 005 | 20140611150927.15 | |
| 010 | @a978-7-111-41441-4@b精装@dCNY118.00 | |
| 100 | @a20130605d2013 em y0chiy0110 ea | |
| 101 | 0 | @achi |
| 102 | @aCN@b110000 | |
| 105 | @aak z 000yy | |
| 106 | @ar | |
| 200 | 1 | @a塑料回收高效利用新技术@9su liao hui shou gao xiao li yong xin ji shu@f孟继宗编著 |
| 210 | @a北京@c机械工业出版社@d2013.04 | |
| 215 | @a756页@c图@d25cm | |
| 225 | 2 | @a节能减排技术丛书 |
| 330 | @a本书介绍了塑料回收利用的鉴别、分选、净化,机械回收、化学回收、能量回收等技术。还着重介绍了新技术:废旧塑料的直接利用、新料的掺混利用、商业化造粒、多料共混改性技术、用废旧塑料制备其他化工材料的技术、ADCM低成本专用再生料技术,既解决了热固、交联、高熔点废塑料的机械回收问题,又解决了多料复混和超高填充料的有效回收利用问题。 | |
| 333 | @a可供塑料成型商、回收商、造粒商、经销商阅读,也可作为培训教材 | |
| 461 | 0 | @12001 @a节能减排技术丛书 |
| 606 | 0 | @a塑料@x废品回收 |
| 606 | 0 | @a塑料@x废物综合利用 |
| 606 | 0 | @a塑料 |
| 606 | 0 | @a废品回收 |
| 606 | 0 | @a废物综合利用 |
| 690 | @aX783.205@v5 | |
| 701 | 0 | @a孟继宗@9meng ji zong@4编著 |
| 801 | 0 | @aCN@b人天书店@c20130605 |
| 905 | @b549608-10@dX783.205@e184@f3 | |
| 塑料回收高效利用新技术/孟继宗编著.-北京:机械工业出版社,2013.04 |
| 756页:图;25cm.-(节能减排技术丛书) |
| 使用对象:可供塑料成型商、回收商、造粒商、经销商阅读,也可作为培训教材 |
| ISBN 978-7-111-41441-4(精装):CNY118.00 |
| 本书介绍了塑料回收利用的鉴别、分选、净化,机械回收、化学回收、能量回收等技术。还着重介绍了新技术:废旧塑料的直接利用、新料的掺混利用、商业化造粒、多料共混改性技术、用废旧塑料制备其他化工材料的技术、ADCM低成本专用再生料技术,既解决了热固、交联、高熔点废塑料的机械回收问题,又解决了多料复混和超高填充料的有效回收利用问题。 |
| ● |
| 相关链接 |
|
|
|
|
正题名:塑料回收高效利用新技术
索取号:X783.205/184
 
预约/预借
| 序号 | 登录号 | 条形码 | 馆藏地/架位号 | 状态 | 备注 |
| 1 | 549608 | 205496088 | 第二样本阅览室/ [索取号:X783.205/184] | 在馆 | |
| 2 | 549609 | 205496097 | 第三借阅区/ [索取号:X783.205/184] | 在馆 | |
| 3 | 549610 | 205496104 | 密集书库-化学系/ [索取号:X783.205/184] | 在馆 |